Frank Knight and the Chicago school in American economics /

Bibliographic Details
Main Author: Emmett, Ross B.
Format: Book
Language:English
Published: London ; New York : Routledge, 2009.
Series:Routledge studies in the history of economics ; 98.
Subjects:
Online Access:Table of contents only

MARC

Tag First Indicator Second Indicator Subfields
LEADER 00000cam a2200000 a 4500
001 in00002575342
005 20151201152309.0
008 080825s2009 enk b 001 0 eng
010 |a  2008036637 
020 |a 9780415775007 (hb) 
020 |a 0415775000 (hb) 
020 |a 9780203881743 (eb) 
020 |a 0203881745 (eb) 
029 1 |a AU@  |b 000043366839 
029 1 |a HEBIS  |b 208804277 
035 |a (OCoLC)ocn166383856 
035 |a (OCoLC)166383856 
040 |a DLC  |c DLC  |d BTCTA  |d BAKER  |d YDXCP  |d BWKUK  |d BWK  |d CDX  |d HEBIS  |d UtOrBLW 
049 |a TXAM 
050 0 0 |a HB119.K59  |b E46 2009 
082 0 0 |a 330.15/53092  |2 22 
100 1 |a Emmett, Ross B. 
245 1 0 |a Frank Knight and the Chicago school in American economics /  |c Ross B. Emmett. 
264 1 |a London ;  |a New York :  |b Routledge,  |c 2009. 
300 |a xxxi, 218 pages ;  |c 25 cm. 
336 |a text  |b txt  |2 rdacontent 
337 |a unmediated  |b n  |2 rdamedia 
338 |a volume  |b nc  |2 rdacarrier 
490 1 |a Routledge studies in the history of economics ;  |v 98 
504 |a Includes bibliographical references (pages [190]-214) and index. 
600 1 0 |a Knight, Frank H.  |q (Frank Hyneman),  |d 1885-1972. 
650 0 |a Chicago school of economics. 
650 0 |a Economics. 
600 1 7 |a Knight, Frank Hyneman.  |2 swd 
650 0 7 |a Chicago-Schule <Wirtschaftswissenschaften>.  |2 swd 
830 0 |a Routledge studies in the history of economics ;  |v 98. 
856 4 1 |3 Table of contents only  |u http://www.loc.gov/catdir/toc/ecip0826/2008036637.html  |t 0 
938 |a Baker and Taylor  |b BTCP  |n BK0007393185 
938 |a Baker & Taylor  |b BKTY  |c 150.00  |d 150.00  |i 0415775000  |n 0007393185  |s active 
938 |a YBP Library Services  |b YANK  |n 2878582 
938 |a Blackwell Book Service UK  |b BBUK  |n L5810280  |c 75.00 
938 |a Coutts Information Services  |b COUT  |n 8780520  |c 75.00 GBP 
945 |a PromptCat  |b 15385 
946 |a stk 
947 |a A14840179731 
994 |a 92  |b TXA 
948 |a Cataloged  |b h  |c 2010/7/1  |d c  |e ibarton 
999 |a MARS 
999 f f |s 6db9a556-5fbb-30ed-8b9f-e7ebf3df1e3b  |i 99e40fcf-13a1-343e-84bc-2ded6c648c0a  |t 0 
952 f f |p ric  |a Texas A&M University  |b Rellis Campus  |c Joint Library Facility  |d Remote Storage  |t 0  |e HB119.K59 E46 2009  |h Library of Congress classification  |i unmediated -- volume  |m A14840179731 
998 f f |a HB119.K59 E46 2009  |t 0  |l Remote Storage